ბათუმის შოთა რუსთაველის სახელმწიფო უნივერსიტეტის ბიბლიოთეკა

Арифметика. Развитие понятия числа и действия над числами (ბიბ.ჩანაწერი № 38825)

000 -LEADER
fixed length control field 00769nam a2200217Ia 4500
001 - CONTROL NUMBER
control field 5232
003 - CONTROL NUMBER IDENTIFIER
control field GE_BSU
008 - FIXED-LENGTH DATA ELEMENTS--GENERAL INFORMATION
fixed length control field 181216s||||||||xx |||||||||||||| ||und||
040 ## - CATALOGING SOURCE
Transcribing agency GE_BSU
080 ## - UNIVERSAL DECIMAL CLASSIFICATION NUMBER
Universal Decimal Classification number 511
100 ## - MAIN ENTRY--PERSONAL NAME
Personal name Андронов, И.К.
245 ## - TITLE STATEMENT
Title Арифметика. Развитие понятия числа и действия над числами
245 ## - TITLE STATEMENT
Remainder of title Пособие для фак-та начальной школы педагог. ин- тов и для пед училищ
260 ## - PUBLICATION, DISTRIBUTION, ETC.
Place of publication, distribution, etc. Москва
260 ## - PUBLICATION, DISTRIBUTION, ETC.
Name of publisher, distributor, etc. Учпедгиз
260 ## - PUBLICATION, DISTRIBUTION, ETC.
Date of publication, distribution, etc. 1962
300 ## - PHYSICAL DESCRIPTION
Extent 375 с.22 см.
653 ## - INDEX TERM--UNCONTROLLED
Uncontrolled term Арифметика
653 ## - INDEX TERM--UNCONTROLLED
Uncontrolled term Развитие понятия числа и действия над числами
942 ## - ADDED ENTRY ELEMENTS (KOHA)
Koha item type წიგნი
ეგზემპლარები
Withdrawn status Lost status Damaged status Not for loan Date acquired Barcode Date last seen Price effective from Koha item type
        2018-12-17 16111 2018-12-17 2018-12-17 წიგნი